000 01022nam a2200289 i 4500
003 DO-SdBNP
005 20250729115516.0
007 ta
008 250729s1998 dr a 000 j spa d
040 _aDO-SdBNP
_bspa
_cBNPHU
_erda
041 _aspa
082 4 _axxx
_bY36a
_222
100 1 _aYbarra Behar, Ondina
_973099
_eautora
_4aut.
245 1 4 _aLas aventuras de colimodio. /
_cOndina Ybarra Behar; ilustraciones, Hampton Rodríguez, dibujo de portada, Cándido Bidó
250 _aPrimera edición
264 1 _aSanto Domingo :
_bEditora Búho,
_c1998.
300 _a37 páginas :
_bIlustraciones ;
_c27 cm.
336 _atexto
_btxt
_2rdacontent
337 _asin mediación
_bn
_2rdamedia
338 _avolumen
_bnc
_2rdacarrier
500 _aIncluye datos biográficos de la autora en las solapas.
590 _aInventariado 2025/ YL
700 1 _aRodríguez, Hampton
_937974
_eilustrador
_4il.
700 1 _aBidó, Cándido,
_d1936-2011
_edibujo de portada
_929482
_4di.
910 _aYLockward
942 _2ddc
_cLF2
999 _c59670
_d59670